[Event "Zalakaros Barczay Memorial"]
[Site "Zalakaros"]
[Date "2020.08.31"]
[Round "1"]
[White "Bodrogi, Bendeguz"]
[Black "Borsfai, Attila"]
[Result "1-0"]
[WhiteElo "2146"]
[BlackElo "1684"]
[PlyCount "135"]
[EventDate "2020.08.31"]
[EventType "swiss"]
[EventRounds "7"]
[EventCountry "HUN"]
[SourceTitle "CBM 198 Extra"]
[Source "ChessBase"]
[SourceDate "2020.11.30"]
[SourceVersion "1"]
[SourceVersionDate "2020.11.30"]
[SourceQuality "1"]

1. c4 Nf6 2. Nc3 d6 3. g3 c6 4. Bg2 g6 5. Nf3 Bg7 6. 0-0 0-0 7. b3 Qc7 8. Bb2 e5 9. Rc1 Qe7 10. e4 Nh5 11. d4 f5 12. exf5 Bxf5 13. Re1 Nd7 14. dxe5 dxe5 15. Nd4 Qf6 16. Nxf5 Qxf5 17. Qe2 Nhf6 18. Rcd1 Rad8 19. Ne4 Nxe4 20. Bxe4 Qg5 21. Ba3 Rfe8 22. h4 Qf6 23. Rd6 Qf7 24. Rd3 Nf6 25. Red1 Rxd3 26. Rxd3 Nxe4 27. Qxe4 Bf8 28. Bd6 Qf5 29. Qe2 Bxd6 30. Rxd6 e4 31. Qe3 a6 32. Kg2 Rf8 33. Qd4 Qf3+ 34. Kg1 e3 35. Qxe3 Qxe3 36. fxe3 Rf3 37. Rd8+ Kg7 38. Rd7+ Kh6 39. Rxb7 Rxg3+ 40. Kf2 Rh3 41. Rb6 Rh2+ 42. Kg3 Rxa2 43. Rxc6 Rb2 44. Rb6 a5 45. Rb5 Kg7 46. Kf4 h6 47. e4 Rh2 48. Kg3 Re2 49. Kf3 Rh2 50. Rxa5 Rh3+ 51. Kg4 Rxb3 52. Ra7+ Kf6 53. Ra6+ Kf7 54. h5 gxh5+ 55. Kf5 Rc3 56. Ra7+ Ke8 57. Ke6 Kd8 58. Kd5 Rd3+ 59. Ke5 Rg3 60. Ra6 Kd7 61. Rxh6 Rg5+ 62. Kd4 Kc7 63. e5 Kd7 64. Kd5 Ke7 65. c5 Kd7 66. c6+ Ke7 67. Rh7+ Kd8 68. Kd6 1-0

[Event "HUN-chT2 Asztalos 1617"]
[Site "Hungary"]
[Date "2016.12.11"]
[Round "6.11"]
[White "Borsfai, Attila"]
[Black "Kis Katos, Janos"]
[Result "0-1"]
[WhiteElo "1646"]
[BlackElo "1722"]
[PlyCount "106"]
[EventDate "2016.09.25"]
[EventType "team-tourn"]
[EventRounds "11"]
[EventCountry "HUN"]
[SourceTitle "EXT 2021"]
[Source "ChessBase"]
[SourceDate "2020.10.23"]
[SourceVersion "1"]
[SourceVersionDate "2020.10.23"]
[SourceQuality "1"]
[WhiteTeam "Marcali"]
[BlackTeam "Komlo Banyasz II"]
[WhiteTeamCountry "HUN"]
[BlackTeamCountry "HUN"]

1. e4 e5 2. Nf3 Nc6 3. Bc4 h6 4. 0-0 Nf6 5. Re1 Be7 6. c3 d6 7. d4 Bg4 8. h3 Bh5 9. d5 Nb8 10. Nbd2 Nbd7 11. Nf1 g5 12. Ng3 Bg6 13. Nh2 a6 14. a4 c6 15. dxc6 bxc6 16. Qe2 a5 17. b4 axb4 18. cxb4 d5 19. exd5 cxd5 20. Bb5 0-0 21. Bc6 Bxb4 22. Bd2 Bxd2 23. Qxd2 Ra5 24. Ng4 Nxg4 25. hxg4 Nf6 26. Rxe5 Rc5 27. Rc1 Rxc1+ 28. Qxc1 Qd6 29. Re2 Rc8 30. Nf5 Bxf5 31. gxf5 Rxc6 32. Qb1 Qc7 33. Re1 Ne4 34. Qb5 Nc3 35. Qd3 Qd6 36. g3 d4 37. Re8+ Kg7 38. a5 Qd5 39. a6 Nb5 40. Re1 Rxa6 41. f4 Ra3 42. f6+ Kxf6 43. fxg5+ hxg5 44. Qf1+ Rf3 45. Qh3 Re3 46. Rf1+ Ke7 47. Rf5 Qe6 48. Qg4 Re1+ 49. Kg2 Qe2+ 50. Qxe2+ Rxe2+ 51. Kf1 Nc3 52. Rc5 Re3 53. Rxg5 d3 0-1

[Event "HUN-chT2 Asztalos 1617"]
[Site "Hungary"]
[Date "2016.11.13"]
[Round "4.10"]
[White "Bognar, Krisztian"]
[Black "Borsfai, Attila"]
[Result "1-0"]
[WhiteElo "1588"]
[BlackElo "1667"]
[PlyCount "89"]
[EventDate "2016.09.25"]
[EventType "team-tourn"]
[EventRounds "11"]
[EventCountry "HUN"]
[SourceTitle "EXT 2021"]
[Source "ChessBase"]
[SourceDate "2020.10.23"]
[SourceVersion "1"]
[SourceVersionDate "2020.10.23"]
[SourceQuality "1"]
[WhiteTeam "Baja"]
[BlackTeam "Marcali"]
[WhiteTeamCountry "HUN"]
[BlackTeamCountry "HUN"]

1. d4 d5 2. e3 Nf6 3. Bd3 e6 4. Nd2 Nbd7 5. f4 c5 6. c3 g6 7. Ngf3 Ng4 8. Qe2 Be7 9. 0-0 0-0 10. h3 Nh6 11. g4 b6 12. Ne5 Nxe5 13. dxe5 c4 14. Bc2 Kh8 15. Nf3 Rg8 16. Nd4 Bd7 17. Bd2 Bf8 18. e4 Qh4 19. g5 Qxh3 20. gxh6 g5 21. f5 g4 22. Qh2 Bc5 23. Rf2 Raf8 24. f6 Qxh2+ 25. Rxh2 g3 26. Rh4 g2 27. Re1 Bc6 28. Re2 dxe4 29. Bxe4 Bxe4 30. Rhxe4 Rg3 31. Rxg2 Rd3 32. Kf1 Rd8 33. Be3 a6 34. Rd2 Bxd4 35. Rxd4 R8xd4 36. cxd4 Rxe3 37. d5 Rg3 38. d6 Rg8 39. d7 Rd8 40. Ke2 b5 41. Rd6 Kg8 42. Rxa6 Kf8 43. Rd6 b4 44. Rc6 b3 45. Rc8 1-0

[Event "HUN-chT2 Asztalos 1415"]
[Site "Hungary"]
[Date "2014.12.14"]
[Round "4.9"]
[White "Borsfai, Attila"]
[Black "Pais, Nimrod"]
[Result "1/2-1/2"]
[WhiteElo "1602"]
[BlackElo "2008"]
[PlyCount "31"]
[EventDate "2014.10.12"]
[EventType "team-tourn"]
[EventRounds "9"]
[EventCountry "HUN"]
[SourceTitle "EXT 2016"]
[Source "ChessBase"]
[SourceDate "2015.10.08"]
[SourceVersion "1"]
[SourceVersionDate "2015.10.08"]
[SourceQuality "1"]
[WhiteTeam "Marcali"]
[BlackTeam "Fehervar"]
[WhiteTeamCountry "HUN"]
[BlackTeamCountry "HUN"]

1. d4 Nf6 2. c4 e6 3. Nc3 d5 4. e3 c6 5. Nf3 Nbd7 6. Be2 Bd6 7. Qc2 h6 8. 0-0 0-0 9. b3 Qe7 10. Bb2 a6 11. e4 dxe4 12. Nxe4 Nxe4 13. Qxe4 f5 14. Qc2 Rd8 15. Rad1 Nf8 16. Ne5 1/2-1/2